000 00837nam a2200265 a 4500
001 BRCA_7239
005 20190320205749.0
008 240112s1900----au-a######---#000-0#eng-#
041 _aeng
044 _aau
050 4 _aCB361
_b.B87
100 1 _aBurckhardt, Jacob
_d1818-1897
_917938
245 1 0 _aThe civilisation of the period of the Renaissance in Italy
_cJacob Burckhardt; translation by S. G. C. Middlemore.
260 _aVienna
_bPhaidon
260 _aNueva York
_bOxford University
_c[19-?]
300 _a640 p.
_bil., 421 láminas
_c27 cm.
500 _aIncluye índice de ilustraciones e índice alfabético
500 _aP146
650 1 4 _aRenacimiento
_9683
650 1 4 _aArte renacentista
_97760
650 1 4 _aArte italiano
_916442
700 1 _aMiddlemore, S. G. C.
_etr.
_917939
902 _aGFM
942 _2lcc
_cB
999 _c6920
_d6920